Bytový dom
Salvato in:
| Autore principale: | |
|---|---|
| Altri autori: | |
| Natura: | Manoscritto Libro |
| Lingua: | slovacco |
| Pubblicazione: |
2021
|
| Soggetti: | |
| Accesso online: | http://is.stuba.sk/zp/portal_zp.pl?podrobnosti=157902 https://opac.crzp.sk/?fn=detailBiblioForm&sid=C5B0443D08DFEDB23E0E0849A386 |
| Tags: |
Nessun Tag, puoi essere il primo ad aggiungerne!!
|
MARC
| LEADER | 00000ntm a22000003a 4500 | ||
|---|---|---|---|
| 001 | stuzp84719 | ||
| 003 | SK-STU | ||
| 005 | 20230510141707.4 | ||
| 007 | ta | ||
| 008 | 150427s2015----xo-----f-mn---000-0-slo-d | ||
| 040 | |a STU |b slo | ||
| 041 | 0 | |a slo | |
| 100 | 1 | |a Bednárik, Marek |u 010270 |4 aut |U SvF Stavebná fakulta |T SvF Katedra technológie stavieb |X 99012 |U V270 |Y 28 |7 99012 | |
| 242 | 0 | 1 | |a Flat house |y eng |
| 245 | 1 | 0 | |a Bytový dom |
| 260 | |c 2021 | ||
| 650 | 4 | |a Projekt organizácie výstavby |2 slo | |
| 650 | 4 | |a YTONG |2 slo | |
| 650 | 4 | |a POV |2 slo | |
| 650 | 4 | |a POV |2 eng | |
| 650 | 4 | |a Project of the organization of construction |2 eng | |
| 650 | 4 | |a YTONG |2 eng | |
| 700 | 1 | |a Petro, Marek |u 010270 |k Z8 |4 ths |U SvF Stavebná fakulta |T SvF Katedra technológie stavieb |X 18958 |U V270 |Y 28 |7 A000018958 | |
| 856 | 4 | |u http://is.stuba.sk/zp/portal_zp.pl?podrobnosti=157902 | |
| 856 | 4 | |u https://opac.crzp.sk/?fn=detailBiblioForm&sid=C5B0443D08DFEDB23E0E0849A386 | |